000 00462nam a2200193Ia 4500
005 20250423100938.0
008 250422s9999 xx 000 0 und d
020 _a13-978-0-13-128746-4
050 _aHM 586 .M34/
100 _aJOHN J.MACIONIS
245 0 _aSociology : a global introduction
250 _a3rd ed.
260 _aHarlow
260 _bPearson Education Limited
260 _c2005
300 _a715 p
650 _aSociology
942 _cBK
999 _c34821
_d34821